Pakistan: Beyond the " Crisis State" (Record no. 575769)

000 -LEADER
fixed length control field 00549nam a22002057a 4500
003 - CONTROL NUMBER IDENTIFIER
control field CEME
005 - DATE AND TIME OF LATEST TRANSACTION
control field 20220606123753.0
008 - FIXED-LENGTH DATA ELEMENTS--GENERAL INFORMATION
fixed length control field 210105b xxu||||| |||| 00| 0 eng d
020 ## - INTERNATIONAL STANDARD BOOK NUMBER
International Standard Book Number 9780199064380
038 ## - RECORD CONTENT LICENSOR
Staff Name ASAD
040 ## - CATALOGING SOURCE
Transcribing agency .
082 ## - DEWEY DECIMAL CLASSIFICATION NUMBER
Classification number 954.91053 PAK
100 ## - MAIN ENTRY--PERSONAL NAME
Personal name Maleeha Lodhi
9 (RLIN) 9136
245 ## - TITLE STATEMENT
Title Pakistan: Beyond the " Crisis State"
260 ## - PUBLICATION, DISTRIBUTION, ETC.
Place of publication, distribution, etc. RAWALPINDI:
Name of publisher, distributor, etc. OXFORD UNIVERSITY PRESS,
Date of publication, distribution, etc. 2011
300 ## - PHYSICAL DESCRIPTION
Extent XXV, 391P
563 ## - BINDING INFORMATION
Binding note HB
650 ## - SUBJECT ADDED ENTRY--TOPICAL TERM
Topical term or geographic name entry element Pakistan-Past as Present. Pakistan-Army and Politics
9 (RLIN) 91763
942 ## - ADDED ENTRY ELEMENTS (KOHA)
Koha item type Book
Source of classification or shelving scheme
Holdings
Withdrawn status Lost status Damaged status Not for loan Permanent Location Current Location Shelving location Date acquired Total Checkouts Full call number Barcode Date last seen Date last checked out Price effective from Koha item type
        College of Electrical & Mechanical Engineering (CEME) College of Electrical & Mechanical Engineering (CEME) General Stacks 08/02/2017 1 954.91053 PAK CEME-47187 01/27/2026 12/22/2022 06/28/2021 Book
© 2023 Central Library, National University of Sciences and Technology. All Rights Reserved.